Las ideas liberales en Colombia de 1935 a la iniciación del Frente Nacional / (Registro nro. 5746)

Detalles MARC
000 -LEADER
fixed length control field 00716nam a2200217Ia 4500
003 - CONTROL NUMBER IDENTIFIER
control field OSt
005 - DATE AND TIME OF LATEST TRANSACTION
control field 20201124092752.0
008 - FIXED-LENGTH DATA ELEMENTS--GENERAL INFORMATION
fixed length control field 191128s1982 ck gr 000 0 spa d
040 ## - CATALOGING SOURCE
Original cataloging agency CO-JMCR
Transcribing agency CO-JMCR
041 0# - LANGUAGE CODE
Language code of text/sound track or separate title spa
082 04 - DEWEY DECIMAL CLASSIFICATION NUMBER
Classification number 324.286106 /
Item number M722i
Edition number 23
100 1# - MAIN ENTRY--PERSONAL NAME
Personal name Molina, Gerardo,
Relator term autor
9 (RLIN) 2084
245 14 - TITLE STATEMENT
Title Las ideas liberales en Colombia de 1935 a la iniciación del Frente Nacional /
Statement of responsibility, etc. Gerardo Molina
250 ## - EDITION STATEMENT
Edition statement Quinta edición
260 ## - PUBLICATION, DISTRIBUTION, ETC.
Place of publication, distribution, etc. Bogotá :
Name of publisher, distributor, etc. Tercer Mundo,
Date of publication, distribution, etc. 1982
300 ## - PHYSICAL DESCRIPTION
Extent 336 páginas ;
Dimensions 19 cm.
490 0# - SERIES STATEMENT
Series statement Manuales universitarios ;
Volume/sequential designation 11
650 14 - SUBJECT ADDED ENTRY--TOPICAL TERM
Topical term or geographic name entry element Frente Nacional
General subdivision historia
Chronological subdivision 1935
Geographic subdivision Colombia
9 (RLIN) 3658
650 14 - SUBJECT ADDED ENTRY--TOPICAL TERM
Topical term or geographic name entry element Partidos políticos
Geographic subdivision Colombia
9 (RLIN) 3659
942 ## - ADDED ENTRY ELEMENTS (KOHA)
Source of classification or shelving scheme Dewey Decimal Classification
Koha item type Books
Existencias
Withdrawn status Lost status Source of classification or shelving scheme Damaged status Not for loan Collection code Home library Current library Date acquired Source of acquisition Cost, normal purchase price Total Checkouts Full call number Barcode Date last seen Copy number Koha item type
    Dewey Decimal Classification     Non-fiction Biblioteca Pública José María del Castillo y Rada Biblioteca Pública José María del Castillo y Rada 04/15/2018 Donación 0.00   324.286106 / M722i 430004109 05/16/2024 Ej.1 Books